Cơn gió trong đêm

Uloženo v:
Podrobná bibliografie
Hlavní autor: Lương, Phụng Nghi
Médium: Kniha
Jazyk:Undetermined
Vydáno: Hà Nội Hội nhà văn 2004
Témata:
Tagy: Přidat tag
Žádné tagy, Buďte první, kdo otaguje tento záznam!
Thư viện lưu trữ: Trung tâm Học liệu Trường Đại học Cần Thơ
LEADER 00566nam a2200193Ia 4500
001 CTU_60424
008 210402s9999 xx 000 0 und d
020 |b 31600 
082 |a 895.13 
082 |b Ngh300 
100 |a Lương, Phụng Nghi 
245 0 |a Cơn gió trong đêm 
245 0 |c Lương Phụng Nghi; Lê Kỉnh Tâm biên dịch 
260 |a Hà Nội 
260 |b Hội nhà văn 
260 |c 2004 
650 |a Chinese fiction ( vietnamese ) 
904 |i Minh, Năm 
980 |a Trung tâm Học liệu Trường Đại học Cần Thơ